000 03589nam2a2200409 4500
001 rc\1231324
005 20260406095214.0
035 _a(NLR Aleph) 005287497
090 _a6157835
_c6157835
100 _a20060306d1891 u y0rusy50 ca
101 1 _arus
_agre
_cgre
102 _aRU
105 _ay zw 001gy
200 1 _a[Паисия Агиапостолита митрополита Родскаго, описание Святой горы Синайской и ея окрестностей, в стихах написанное, между 1577 и 1592 гг.
_fизданное в первый раз с предисловием А. И. Пападопуло-Керамевсом и переведенное Г. С. Дестунисом]
210 _d1891
215 _a[4], XX, 205, [1] с.
_d26
300 _aЗагл. в верхнем колонтитуле: Паисия описание Синая
300 _aЗагл. также на греч. яз.
300 _aОсн. текст парал.: греч., рус.
320 _aУказ. на греч. яз.: с. 17, 181–198
320 _aУказ. собств. имен: с. 199–205
327 1 _aВ прил.: Мелетия Пига, папы и патриарха Александрийскаго, письма к Паисию Агиапостолиту
421 0 _12001#$aМелетия Пига, папы и патриарха Александрийскаго, письма к Паисию Агиапостолиту
_1700#0$aМелетий Пигас$cпатриарх Александрийский$dI$f1549-1601$3RU\NLR\AUTH\770287554
_tМелетия Пига, папы и патриарха Александрийскаго, письма к Паисию Агиапостолиту
_aМелетий Пигас (патриарх Александрийский ; 1549-1601)
461 0 _1001rc\1231292
_12001#$aПравославный Палестинский сборник$vТ. 12, вып. 2 (35)
_96157764
_cС. Петербург [Санкт-Петербург]
_d1881–1916
_nиздание Православнаго Палестинскаго Общества
_tПравославный Палестинский сборник
_uhttps://webservices.nlr.ru/viewer/file?name=t005287490_001.jpg
_vТ. 12, вып. 2 (35)
515 1 _aПаисия описание Синая
518 1 _aПаисия Агиапостолита, митрополита Родского, описание святой горы Синайской и её окрестностей, в стихах написанное, между 1577 и 1592 гг.
540 1 _aОписание святой горы Синайской и ее окрестностей, в стихах написанное между 1577 и 1592 гг., изданное в первый раз с предисловием А. И. Пападопуло-Керамевсом и переведенное Г. С. Дестунисом
701 0 _7ca
_8rus
_aПаисий Агиапостолит
_f16 в.
_3RU\NLR\AUTH\770287620
_92689579
702 1 _4080
_4650
_7ca
_8rus
_aПападопуло-Керамевс
_bА. И.
_f1856-1912
_gАфанасий Иванович
_3RU\NLR\AUTH\7792583
_975510
702 1 _aДестунис
_bГ. С.
_f1818-1895
_gГавриил Спиридонович
_4730
801 0 _aRU
_bNLR
_c20060306
_gpsbo
801 1 _aRU
_bProSoft-M
_c20060306
_2rusmarc
801 2 _aRU
_bNLR
_c20060320
_2rusmarc
852 _aNLR
_j18.311.1.9(35)
942 _cBOOK
980 _aNB